Manual de responsabilidad civil : Tomo I /
Guardado en:
| Autor Principal: | |
|---|---|
| Otros Autores: | |
| Formato: | Libro |
| Idioma: | Undetermined |
| Publicado: |
Santa Fé :
Rubinzal-Culzoni,
2019.
|
| Edición: | 1a. ed. rev. |
| Materias: | |
| Etiquetas: |
Agregar Etiqueta
Sin Etiquetas, Sea el primero en etiquetar este registro!
|
| LEADER | 00571nam a22001815a 4500 | ||
|---|---|---|---|
| 001 | DER.der014813 | ||
| 008 | 230602s2019####xx############000#0#und#d | ||
| 005 | 20231116111510.0 | ||
| 245 | 1 | 0 | |a Manual de responsabilidad civil : |b Tomo I / |c Ramon Daniel Pizarro. |
| 250 | |a 1a. ed. rev. | ||
| 260 | |a Santa Fé : |b Rubinzal-Culzoni, |c 2019. | ||
| 300 | |a 510 p. | ||
| 020 | |a 9789873014154 | ||
| 100 | 1 | |a Pizarro, Ramón Daniel. | |
| 700 | 1 | |a Vallespinos, Carlos Gustavo. | |
| 650 | 7 | |a RESPONSABILIDAD CIVIL | |
| 650 | 7 | |a DERECHO DE DAÑOS | |
| 859 | |a DERECHO |b BIB. DERECHO |h 346.002 |i PIZ |p 0010195 | ||
